000 00706nam a2200289Ia 4500
005 20260324131545.0
008 008 260324s9999 xx 000 0 eng d
020 _a9781315759838
037 _aEBOOK
040 _aCRL
040 _beng
040 _cCRL
041 _2eng
041 _aeng
084 _qCRL
100 _aJan Walsh Hokenson; Marcella Munson
_91185949
245 4 _aThe Bilingual Text
245 0 _bHistory and Theory of Literary Self-Translation
260 _bTaylor and Francis
260 _c2006
365 _a
365 _b230
856 _uhttp://www.taylorfrancis.com/books/9781315759838
942 _cEBOOK
999 _c1783229
_d1783229